The Brainrot Quizz - Statistiques

Statistiques générales
  • Ce quiz a été pris 672 fois
  • Le résultat moyen est 4 sur 11
Statistiques - réponses
Par images Réponse % Correct
Skibidi Toilet
85%
John Pork
83%
Giga Chad
58%
Tralalero Tralala
54%
bombardilo crocodilo
44%
Amogus
39%
Larry Le Malicieux
28%
Oupi Goupi
27%
Le Lobotomisateur
16%
Roblox Nugget
3%
WhatTHeSigma Cat
3%
Aucun quiz correspondant
Distribution des résultats
% des personnes avec chaque résultat
Percentile par nombre de réponses
Votre historique - résultats
Vous n’avez pas pris ce quiz